Truyện Lục Vân Tiên

Đã lưu trong:
书目详细资料
主要作者: Nguyễn Đình Chiểu
格式: 图书
语言:Undetermined
出版: Hà Nội Tân Việt 1942
主题:
标签: 添加标签
没有标签, 成为第一个标记此记录!
Thư viện lưu trữ: Trung tâm Học liệu Trường Đại học Cần Thơ
LEADER 00497nam a2200169Ia 4500
001 CTU_47303
008 210402s9999 xx 000 0 und d
082 |a 895.9221 
082 |b Ch309 
100 |a Nguyễn Đình Chiểu 
245 0 |a Truyện Lục Vân Tiên 
245 0 |c Nguyễn Đình Chiểu 
260 |a Hà Nội 
260 |b Tân Việt 
260 |c 1942 
650 |a vietnamese poetry - 19th century 
980 |a Trung tâm Học liệu Trường Đại học Cần Thơ